A manual for the practical study of the root-nodule bacteria

محفوظ في:
التفاصيل البيبلوغرافية
المؤلف الرئيسي: J M Vincent
التنسيق: كتاب
اللغة:Undetermined
منشور في: Oxford Blackwell scienctific Publication 1970
الموضوعات:
الوسوم: إضافة وسم
لا توجد وسوم, كن أول من يضع وسما على هذه التسجيلة!
Thư viện lưu trữ: Trung tâm Học liệu Trường Đại học Cần Thơ
LEADER 00537nam a2200181Ia 4500
001 CTU_30033
008 210402s9999 xx 000 0 und d
082 |a 589.95 
082 |b V772 
100 |a J M Vincent 
245 2 |a A manual for the practical study of the root-nodule bacteria 
245 0 |c J M Vincent 
260 |a Oxford 
260 |b Blackwell scienctific Publication 
260 |c 1970 
650 |a bacteria, nitrifying,nitrobacteria 
904 |i Liên, 990129 
980 |a Trung tâm Học liệu Trường Đại học Cần Thơ